Repollos y coles de bruselas: variaciones y cultivo
Gespeichert in:
| 1. Verfasser: | |
|---|---|
| Format: | Buch |
| Sprache: | Spanisch |
| Veröffentlicht: |
Madrid
Ministerio de Agricultura
1968
|
| Schlagworte: | |
| Tags: |
Tag hinzufügen
Keine Tags, Fügen Sie den ersten Tag hinzu!
|
MARC
| LEADER | 00000nam a2200000 a 4500 | ||
|---|---|---|---|
| 001 | UCV7370 | ||
| 003 | CL-VaPUC | ||
| 008 | 911007e19680000SP |||||||||||||||||spa|d | ||
| 082 | 0 | 4 | |a 635.34 |b MAT |2 21 |
| 100 | |a Mateo Box, José María |e autor |9 301471 | ||
| 245 | 1 | 0 | |a Repollos y coles de bruselas: variaciones y cultivo |
| 300 | |a 111 p | ||
| 942 | |c BK | ||
| 945 | |d 19911007 00:00:00 | ||
| 260 | |a Madrid |b Ministerio de Agricultura |c 1968 | ||
| 650 | 7 | |a REPOLLO |2 CL-VaPUC |9 264697 | |
| 650 | 7 | |a COL DE BRUSELAS |2 CL-VaPUC |9 264698 | |
| 583 | |a last modification |c 19911007 00:00:00 |k Rodrigo Vera | ||
| 999 | |c 213061 |d 213059 | ||
| 952 | |0 0 |1 0 |4 0 |6 635_340000000000000_MAT_1968 |7 0 |8 A |9 195056 |a BIBAGR |b BIBAGR |d 2019-11-14 |i 2631733 |o 635.34 MAT 1968 |p 2631733 |r 2025-01-20 |w 2019-11-14 |y BK |k AGR | ||
| 952 | |0 0 |1 0 |4 0 |6 635_340000000000000_MAT_1968 |7 0 |8 A |9 195057 |a BIBAGR |b BIBAGR |d 2019-11-14 |i 3400042 |o 635.34 MAT 1968 |p 3400042 |r 2025-01-20 |w 2019-11-14 |y BK |k AGR | ||